000 00269nam a2200121Ia 4500
100 _aLindsey/ F.R.
942 _cBK
654 _aHand Book
245 _aPipe Fitter''''s Hand Book
260 _bIndustrial Press
_aNEWYORK
_c1967
082 _a696.2
546 _aENGLISH
999 _c19268
_d19268